书目信息 |
| 题名: |
船撞桥及其防御
|
|
| 作者: | 陈国虞 , 王礼立 著 | |
| 分册: | ||
| 出版信息: | 北京 中国铁道出版社 2006.01 |
|
| 页数: | 165页 | |
| 开本: | 20cm | |
| 丛书名: | ||
| 单 册: | ||
| 中图分类: | U443.8 | |
| 科图分类: | ||
| 主题词: | 桥涵工程 | |
| 电子资源: | ||
| ISBN: | 7-113-06504-X | |
| 000 | 00604nam0 2200205 450 | |
| 001 | 1654507846 | |
| 005 | 20161222150947.67 | |
| 010 | @a7-113-06504-X@dCNY18.00 | |
| 100 | @a20161222d2006 km y0chiy0120 ea | |
| 101 | 0 | @achi |
| 102 | @aCN@b110000 | |
| 200 | 1 | @a船撞桥及其防御@Achuan zhuang qiao ji qi fang yu@f陈国虞, 王礼立著@Fchen guo yu,wang li li zhu |
| 210 | @a北京@c中国铁道出版社@d2006.01 | |
| 215 | @a165页@d20cm | |
| 606 | 0 | @a桥涵工程 |
| 690 | @aU443.8@v4 | |
| 701 | 0 | @a陈国虞@Achen guo yu@4著 |
| 701 | 0 | @a王礼立@Awang li li@4著 |
| 801 | 0 | @aCN@bMUSE@c20161222 |
| 905 | @aMUSE@dU443.8@eC4281 | |
| 船撞桥及其防御/陈国虞, 王礼立著.-北京:中国铁道出版社,2006.01 |
| 165页;20cm |
| ISBN 7-113-06504-X:CNY18.00 |
| ● |
| 相关链接 |
|
|
|
正题名:船撞桥及其防御
索取号:U443.8/C4281
 
预约/预借
| 序号 | 登录号 | 条形码 | 馆藏地/架位号 | 状态 | 备注 |
| 1 | 1238894 | 212388940 | 自科库501/501自科库 54排2列2层/ [索取号:U443.8/C4281] | 在馆 | |
| 2 | 1238895 | 212388959 | 自科库501/501自科库 54排2列2层/ [索取号:U443.8/C4281] | 在馆 | |
| 3 | 1238896 | 212388968 | 自科库501/501自科库 54排2列2层/ [索取号:U443.8/C4281] | 在馆 |